| 000 | 00702nam a2200241 a 4500 | ||
|---|---|---|---|
| 001 | BRL_1757 | ||
| 005 | 20190320211345.0 | ||
| 008 | 280715s1988----mx-#######---#000-0#spa-# | ||
| 020 | _a9684111835 | ||
| 041 | _aspa | ||
| 044 | _amx | ||
| 050 | 4 |
_aBL80 _b.E45 1988 |
|
| 100 | 1 |
_aEliade, Mircea _d1907-1986 _925870 |
|
| 245 | 1 | 0 |
_aTratado de historia de las religiones _cMircea Eliade ; traducción Tomás Segovia. |
| 260 |
_aMéxico _bBiblioteca Era _c1988 |
||
| 300 |
_a462 p. _c19 cm. |
||
| 500 | _aAu1988 | ||
| 500 | _aTraducción de: Traité d´histoire des religions. | ||
| 650 | 1 | 4 |
_aReligiones _xHistoria _927801 |
| 700 | 1 |
_aSegovia, Tomás _etr. _927802 |
|
| 902 | _aGRL | ||
| 942 |
_2lcc _cB |
||
| 999 |
_c10565 _d10565 |
||